Normal view MARC view
  • Supervison Dr. Mashhood Ahmad

Entry Personal Name

Number of records used in: 1

001 - CONTROL NUMBER

  • control field: 70293

003 - CONTROL NUMBER IDENTIFIER

  • control field: NUST

005 - DATE AND TIME OF LATEST TRANSACTION

  • control field: 20210628204423.0

008 - FIXED-LENGTH DATA ELEMENTS

  • fixed length control field: 210628|| aca||aabn | a|a d

040 ## - CATALOGING SOURCE

  • Original cataloging agency: NUST
  • Transcribing agency: NUST

100 ## - HEADING--PERSONAL NAME

  • Personal name: Supervison Dr. Mashhood Ahmad

670 ## - SOURCE DATA FOUND

  • Source citation: Work cat.: (NUST): Madia Safdar 70292, TH-SOF-1149-Optimized Residential Load Scheduling under User Defined Constraints in a Real-time Tariff Paradigm , 2015
© 2023 Central Library, National University of Sciences and Technology. All Rights Reserved.